| 000 | 00528nam a2200157Ia 4500 | ||
|---|---|---|---|
| 008 | 230917s9999||||xx |||||||||||||| ||und|| | ||
| 020 | _cRS 1995.00 | ||
| 040 | _aMAIN | ||
| 082 | _a181.4 D26H | ||
| 100 | _aDasgupta, Surendranath | ||
| 245 | 0 | _aHistory of Indian philosophy. V4-The philosophy of the bhagavata purana, madhva, vallabha and gaudiya school of vaisnavism | |
| 260 |
_aNew Delhi _bShri Sai Printographers _c2022 |
||
| 300 | _axiii, 483 p. | ||
| 500 | _a5041 23/01/2023 FP23/219 27/01/2023 Main Budget | ||
| 942 | _cBK | ||
| 999 |
_c8673 _d8673 |
||